00000000nam 2200000za 4500
0019.837624
003CaOODSP
00520250123152309
007cr |||||||||||
008170605s2016    quc     o    f000 0 chi d
040 |aCaOODSP|bfre
043 |an-cn---
0861 |aCH37-4/1-2016Chi2-PDF|zCH37-4/1-2016Ch2-PDF
24500|a[Charte canadienne des droits et libertés] |h[ressource électronique].
250 |a[Édition chinois simplifié (mandarin)].
260 |a[Gatineau, QC] : |b[Patrimoine canadien], |c[2016]
300 |a[1] p.
500 |aTitre français fournis par l’éditeur.
500 |aPublié aussi en français sous le titre : Charte canadienne des droits et libertés.
520 |aUne affiche de la Charte canadienne des droits et libertés a produit par le ministère du Patrimoine canadien.
530 |aÉgalement publ. en version imprimée.
546 |aTexte en chinois simplifié (mandarin).
61016|aCanada. |tCharte canadienne des droits et libertés.
69207|2gccst|aCharte des droits et libertés
7101 |aCanada. |bPatrimoine canadien.
77508|tCharte canadienne des droits et libertés.|w(CaOODSP)9.644021
791 |t[Canadian Charter of Rights and Freedoms] |eeng|w(CaOODSP)9.837623
85640|qPDF|s431 Ko|uhttps://publications.gc.ca/collections/collection_2017/pch/CH37-4-1-2016-chi-2.pdf